LEADER 01142nam a2200265 i 4500 001 000000160184 003 CaOOAMICUS 005 20070314000000.0 008 070314s1978 it u000 u ita u 013 $a137547 040 $aSeMil$bita 100 1 $aMaurois, André,$d<1885-1967>.$0(OLS)http://semarc/name/6962 240 10$aLelia, ou La vie de George Sand.$0(OLS)http://semarc/title/352045 245 10$aLélia :$bla vita di George Sand /$cAndré Maurois ; Traduzione dal francese di Tom Antongini. 260 $aMilano :$bRusconi,$c1978. 300 $a593 p. ;$c22 cm. 500 $aContiene : Bibliografia. - Fondo Card. Giovanni Colombo. 600 14$aSand, George .$0(OLS)http://semarc/subject/17331 700 1 $aAntongini, Tom.$0(OLS)http://semarc/name/42152 850 $aSeMil 852 $aSeMil$W1$xVenegono$y1$m1O II 119$j111660$B111660$CSeMilBibl$Z2$F121631 $81 941 1 $a3 961 $aLascito: Colombo Card. Giovanni 996 $6245$aLélia :$bla vita di George Sand$9(OLS)http://semarc/title/142637 996 $6260$aMilano :$bRusconi$9(OLS)http://semarc/publisher/30258 LEADER 00585nab a2200145 i 4500 001 000000283128 003 CaOOAMICUS 005 20180831165232.0 008 180831n xx uu u0 0und r 013 $a36108 040 $aSeMil$bita 245 10$a[SENZA TITOLO]. - 8 p. :$bill. 500 $aGiugno 1939. 773 0 $tContributo alla preparazione spirituale delle Confraternite del SS. Sacramento per le Feste diocesane celebrative del 16. Centenario della Nascita di Sant'Ambrogio.$dMilano : [s.n.], 1938-1940$w()236798 996 $6245$a[SENZA TITOLO]. - 8 p. :$bill.$9(OLS)http://semarc/title/364770